| 000 | 00804nam a2200241Ia 4500 | ||
|---|---|---|---|
| 003 | OSt | ||
| 005 | 20221005113401.0 | ||
| 006 | a|||||r|||| 00| 0 | ||
| 007 | ta | ||
| 008 | 221004b |||||||| |||| 00| 0 pan d | ||
| 020 | _c120 | ||
| 024 | _a105448 | ||
| 037 |
_b7848/I, 21/02/2011, Arsee Publishers _cTextual |
||
| 040 |
_aCRL _cCRL _bpan |
||
| 041 |
_2pan _apan |
||
| 082 | _aQ8441, 153P7 | ||
| 100 | _aਸਰਬਜੋਤ ਕੌਰ, ਥਦ। | ||
| 245 | 0 | _aਗੁਰਮਤਿ ਵੀਚਾਰ | |
| 260 |
_aਲੁਧਿਆਣਾ _bਅਕੈਡਮਿਕ ਬੁਕ ਡੀਪੂ ਭਾਰਤ _c2007 |
||
| 300 |
_a100ਪੰ _ccm. |
||
| 942 |
_hQ8441, 153P7 _cTEXL _2cc |
||
| 999 |
_c1028002 _d1028002 |
||